00498nam a2200133 a 450000100100000000500170001000800410002704000250006824501210009326000680021430000210028270000300030370000310033300003857420201002031312.0130415s2006 dr 000 0 spa d aDO-SdBNPbspacBNPHU00aManual de gestión penitenciaria /cJosé Manuel abaud Soler...[et.al] ; presentación Francisco Dominguez Brito. aSanto Domingo :bProcuraduria General de la República,c2006. a392 p. ;c25 cm.1 aAbaud Soler, José Manue1 aDominguez Brito, Francisco